00494nam a22001577a 450000500170000001000150001702000260003203500140005803700130007208200100008510000260009524500560012126000560017727000760023330000270030920170403164206.0 aENG-117700 a9789384782702c950.00 aEN-101232 bDBAD/PUB a302.2 aPatnaik, Bhatati Bala aEssays on communication /cby Bhartati Bala Patnaik aDelhibDisha International Publishing House c2016 aF-7, Gali no. 1, Panchsheel Garden Ext. Naveen Shahdra b Delhie110032v aviii,287p. c23cm (Hb)